| 000 | 00601nam a22001817a 4500 | ||
|---|---|---|---|
| 020 | _qHard Cover. | ||
| 082 | _a005 | ||
| 100 | _aAdil Ahmad ; Sarum Younas ; Osama Nadee | ||
| 245 |
_aSecure Analytics Using Blockchain / _cAdil Ahmad ; Sarum Younas ; Osama Nadee |
||
| 260 |
_aIslamabad : _bSEECS - NUST, _c2019. |
||
| 300 |
_a15 p. : ill. ; _c30cm. |
||
| 563 | _aHBK | ||
| 650 | _aComputer Science-Project Report. | ||
| 700 |
_aSir, Taha Ali _930830 |
||
| 856 | _uhttp://10.250.8.41:8080/xmlui/handle/123456789/19113 | ||
| 942 |
_2ddc _cPR |
||
| 999 |
_c535899 _d535899 |
||